Top Soybean Producing Countries - Statistics

General Stats
  • This quiz has been taken 151 times
    36 since last reset
  • The average score is 13 of 21
Answer Stats
Country % Correct
United States
100%
Argentina
93%
Brazil
93%
Canada
93%
China
93%
India
93%
Russia
83%
France
80%
Indonesia
77%
Ukraine
70%
South Africa
63%
Italy
60%
Uruguay
60%
Bolivia
57%
Paraguay
57%
Kazakhstan
50%
Nigeria
50%
Romania
47%
Zambia
13%
Serbia
7%
Benin
0%
No matching quizzes found
Score Distribution
Percent of People with Each Score
Percentile by Number Answered
Your Score History
You have not taken this quiz since the last reset